| 000 | 004950000a22001570004500 | ||
|---|---|---|---|
| 003 | MACL | ||
| 005 | 20260113172423.0 | ||
| 008 | 170729b xxu||||| |||| 00| 0 eng d | ||
| 040 | _cmacl | ||
| 100 |
_a परमानन्द भाई _968422 |
||
| 245 | _aमेरा अंतिम आश्रय श्रीमदभगवदगीता | ||
| 260 |
_b प्रभात प्रकाशन _c2003 |
||
| 350 | _a200 | ||
| 650 |
_aधर्म _968423 |
||
| 942 |
_cHIN _k100 _2ddc |
||
| 999 |
_c12666 _d12666 |
||